000 01484nam a2200169 i 4500
001 170833
003 ES-MaACL
005 20230906214454.0
008 090408s1901 sp |||| | spa d
080 _a94(460)
110 2 _aReal Academia de la Historia (España)
_96309
245 1 0 _aDiscursos leídos ante la Academia de la Historia,
_f1901 /
_cReal Academia de la Historia.
260 _aMadrid :
_b[s.n.],
_c1901 (
_fImp. de los Hijos de M. G. Hernández)
300 _a1 v. ;
_c25 cm.
505 8 _aContiene: Toledo en el siglo XVI: después del vencimiento de las comunidades; Noticias bio-bibliográficas de Pedro de Madrazo y Kuntz / Jerónimo López de Ayala y Álvarez de Toledo (258 p.). Contestación / Juan de Dios de la Rada y Delgado (p. 259-271). La moneda castellana; Datos biográficos de D. Valentín Carderera y Solano / Antonio Vives (36 p.). Contestación / Eduardo Saavedra (p. 37-55). Matrimonios en España y en Francia en 1615 / Francisco Silvela de le Vielleuze (54 p.). Contestación / José María Asensio y Toledo (p. 55-65). Carácter de la conquista y colonización de las islas Canarias; Apuntes biográficoas de D. Luis Vidart y Schuch / Rafael Torres Campos (249 p.). Medallas de los gobernadores de los Países Bajos en el reinado de Felipe II; Noticia biográfica de D. Víctor Balaguer y Cirera / Adolfo Herrera y Chiesanova (57 p.). Contestación / Cesáreo Fernández Duro (p. 59-71).
852 _aES-MaACL
_jK-128
_z- Enc. pasta española
999 _c170833
_d170833